000 00348nam a22001337a 4500
003 SGT
020 _a9788194881865
082 _a080
_bA21M
100 _aमिश्र, मनोज कुमार
245 _aअपनों का संघर्ष
260 _b शशि प्रकाशन
_c2021
300 _a112
942 _2ddc
_cBK
999 _c31622
_d31622